Lease of a new house on the east side of Stacey Street being the first house southward from New Compton Street (Record no. 116366)

MARC details
000 -LEADER
fixed length control field 00657ctm a22001935a 4500
001 - CONTROL NUMBER
control field L140572
008 - FIXED-LENGTH DATA ELEMENTS--GENERAL INFORMATION
fixed length control field 071001s1777 xxk eng u
035 ## - SYSTEM CONTROL NUMBER
System control number (Sirsi) u140572
041 0# - LANGUAGE CODE
Language code of text/sound track or separate title eng
245 00 - TITLE STATEMENT
Title Lease of a new house on the east side of Stacey Street being the first house southward from New Compton Street
Remainder of title [tripartite lease between Theodore Henry Broadhead, Thomas Bannister and John Lock]
Medium [manuscript]
260 ## - PUBLICATION, DISTRIBUTION, ETC.
Date of publication, distribution, etc. 1777
300 ## - PHYSICAL DESCRIPTION
Extent 1 item
Other physical details parchment
Dimensions 60 x 82, folded to 18 x 28 cm.
340 ## - PHYSICAL MEDIUM
Material base and configuration Ink on parchment
351 ## - ORGANIZATION AND ARRANGEMENT OF MATERIALS
Hierarchical level Single item
500 ## - GENERAL NOTE
General note Signed and sealed.
651 4# - SUBJECT ADDED ENTRY--GEOGRAPHIC NAME
Geographic name London
690 ## - LOCAL SUBJECT ADDED ENTRY--TOPICAL TERM (OCLC, RLIN)
Topical term or geographic name as entry element PROPERTY
942 ## - ADDED ENTRY ELEMENTS (KOHA)
Suppress in OPAC 0
Holdings
Withdrawn status Lost status Source of classification or shelving scheme Damaged status Not for loan Home library Current library Shelving location Date acquired Total Checkouts Full call number Barcode Date last seen Copy number Price effective from Koha item type
    Dewey Decimal Classification     London London Basement 01/10/2007   BASEMENT BOX 1 140572-1001 06/08/2019 1 06/08/2019 Archive